000 00529cam a22001695a 4500
008 000000s1918 000 0 eng u
035 _a(Sirsi) u100771
041 0 _aeng
050 0 4 _a333.0062 $2 18
110 2 _aSurveyors' Institution
_93783
245 0 0 _aCharter and by-laws
_bas amended 1902,1903
260 _aLondon
_bSurveyors' Institution
_c1918
300 _a48p.
_c22cm.
651 4 _aGreat Britain
_y1707-
690 _aABOUT RICS-RICS STRUCTURE AND GOVERNANCE-RICS REGULATIONS-RICS CONDUCT REGULATIONS
942 _n0
999 _c99820
_d99820